000 00544nam a2200217 i 4500
001 C2-0307802
003 PPAK
005 20180728094539.0
008 110328s1979 io |||| ||||| | may d
040 _aPPAK
_beng
_cPPAK
_erda
082 0 4 _a899.221
_223
090 0 0 _a899.221
_bPUI
_dKIH
245 0 0 _aPuisibebas
264 1 _aBandong, Indonesia :
_bGas itb ,
_c1979
300 _c21 cm
336 _2rdacontent
_atext
337 _2rdamedia
_aunmediated
338 _2rdacarrier
_avolume
650 1 0 _aIndonesian poetry
942 _ddc
_cB
999 _c110500
_d110500